Sports Quiz

Random Sports or Minefield Quiz

Premier League Hat Trick Minefield (2012-13) Quiz Stats

 Plays Quiz not verified by Sporcle

Score 0/13 Timer 10:00
0 Plays Today
% Correct
Norwich
51.1%
Newcastle
46.7%
Norwich
44.4%
Manchester United
44.4%
Southampton
35.6%
Reading
35.6%
Aston Villa
33.3%
Reading
26.7%
Aston Villa
26.7%
Reading
26.7%
Sunderland
17.8%
Fulham
17.8%
Wigan Athletic
15.6%

You're not logged in!

Compare scores with friends on all Sporcle quizzes.
OR
Log In

Show Comments

Extras

Top Quizzes Today


Score Distribution

Your Account Isn't Verified!

In order to create a playlist on Sporcle, you need to verify the email address you used during registration. Go to your Sporcle Settings to finish the process.

Report this User

Report this user for behavior that violates our Community Guidelines.

Details: